Epistemología y sociología de la religión /
Se estudian los principales problemas epistemológicos de la sociología de la religión. En primer lugar se considera el papel de la religión en América Latina, precisando el ámbito de una sociología de la religión y de algunos problemas epistemólogicos, lógicos y metodológicos de esa disciplina. Por...
Збережено в:
| Автор: | |
|---|---|
| Формат: | Текст |
| Предмети: | |
| Теги: |
Додати тег
Немає тегів, Будьте першим, хто поставить тег для цього запису!
|
MARC
| LEADER | 00000 a a2200000 04500 | ||
|---|---|---|---|
| 001 | 14780 | ||
| 003 | |||
| 040 | |||
| 100 | |a Rodríguez, José Miguel | ||
| 245 | |a Epistemología y sociología de la religión / |c José Miguel Rodríguez | ||
| 520 | |a Se estudian los principales problemas epistemológicos de la sociología de la religión. En primer lugar se considera el papel de la religión en América Latina, precisando el ámbito de una sociología de la religión y de algunos problemas epistemólogicos, lógicos y metodológicos de esa disciplina. Por último, se concluye con la evaluación de los conceptos de modelo y de explicación en el caso de la sociología de la religión. SM/EL | ||
| 650 | |a SOCIOLOGIA | ||
| 650 | |a RELIGION | ||
| 650 | |a CIENCIA | ||
| 650 | |a LOGICA | ||
| 650 | |a PUB.IIS | ||
| 773 | |g número 39; páginas 83-97 | ||
| 999 | |c 30310 |d 30310 | ||
| 773 | 0 | |0 18728 |9 4440 |a Universidad de Costa Rica. |d San José, Costa Rica Editorial UCR 1959- |o 16837 |t Revista de Ciencias Sociales/ |x 04825276 | |
